Statistics for New Taipei City Administrative Districts

Click here to take the quiz!

General Stats

  • This quiz has been taken 36 times
  • The average score is 18 of 29

Answers on the Map

Answers color-coded by a green-red scale on the quiz's map according to % correct below.
 

Answer Stats

HintAnswer% Correct
New Taipei City Hall,
Lin Family Mansion and Garden
Banqiao 板橋區
91%
Jiufen, mining industry, HoutongRuifang 瑞芳區
91%
Fort San Domingo,
Fisherman's Wharf
Tamsui 淡水區
91%
Shisanhang Museum,
Port of Taipei
Bali 八里區
73%
A Cheng Goose,
Taipei Detention Centre
Tucheng 土城區
73%
Hongludi, Myanmar StreetZhonghe 中和區
73%
Mitsui Outlet,
Zhulinshan Guanyin Temple
Linkou 林口區
64%
Yonglian Temple,
Li Family Historical House
Luzhou 蘆洲區
64%
bull horn croissant (金牛角麵包),
blue tie-dye
Sanxia 三峽區
64%
Cape Fugui, Baishawan Beach,
Laomei Green Reef
Shimen 石門區
64%
Datong & Dadong Mountain Trail,
Eastern Railway Line terminus
Shulin 樹林區
64%
Atayal tribes, hot spring, waterfallWulai 烏來區
64%
Bitan Scenic Area, Yinhe CaveXindian 新店區
64%
Temple Street Night Market, Wusheng
Temple
Xinzhuang 新莊區
64%
Gongbei Temple, Dajianshan Scenic
Area
Xizhi 汐止區
64%
Ceramics MuseumYingge 鶯歌區
64%
Lehua Night Market, Soy Milk KingYonghe 永和區
64%
Fulong Beach, Cape Santiago,
Old Caoling Tunnel
Gongliao 貢寮區
55%
Ju Ming Museum,
Dharma Drum Mountain
Jinshan 金山區
55%
sky lantern festival,
Shifen Waterfall
Pingxi 平溪區
55%
Sanhe Night Market,
Xianse Temple
Sanchong 三重區
55%
Pingxi Historical Trail, Buyen PavilionShuangxi 雙溪區
55%
Mingzhi Academy, Ming Chi University
of Technology
Taishan 泰山區
55%
Industrial Park, Mount GuanyinWugu 五股區
55%
tea farms, Jingualiao TrailPinglin 坪林區
45%
Lee Teng-Hui's hometown,
Qianshuiwan Beach
Sanzhi 三芝區
45%
Yehliu, Guihou Fishing HarbourWanli 萬里區
45%
stinky tofu, tofu ice creamShenkeng 深坑區
36%
Thousand-Island Lake,
Huangdidian Trail
Shiding 石碇區
36%

Score Distribution

Percentile by Number Answered

Percent of People with Each Score

Your Score History

You have not taken this quiz